Statistics for Country Shape Quiz #2

Click here to take the quiz!

General Stats

  • This quiz has been taken 176,963 times
    (176,926 since last reset)
  • The average score is 12 of 16

Answer Stats

Answer% Correct
Canada
96%
Chile
92%
Russia
87%
Spain
82%
Iceland
81%
New Zealand
81%
Vietnam
79%
Philippines
78%
South Africa
77%
Greece
75%
Cuba
74%
Turkey
73%
Austria
69%
Libya
61%
Saudi Arabia
58%
Afghanistan
41%

Score Distribution

Percentile by Number Answered

Percent of People with Each Score

Your Score History

You have not taken this quiz since the last reset